Flexible property leasing and the small business tenant (Record no. 77577)

MARC details
000 -LEADER
fixed length control field 01288cab a2200217 4500
001 - CONTROL NUMBER
control field ##L134582
008 - FIXED-LENGTH DATA ELEMENTS--GENERAL INFORMATION
fixed length control field 060817n2006 000 0 eng u
035 ## - SYSTEM CONTROL NUMBER
System control number (Sirsi) u134582
041 0# - LANGUAGE CODE
Language code of text/sound track or separate title eng
100 1# - MAIN ENTRY--PERSONAL NAME
Personal name Crosby, Neil
245 00 - TITLE STATEMENT
Title Flexible property leasing and the small business tenant
260 ## - PUBLICATION, DISTRIBUTION, ETC.
Date of publication, distribution, etc. 2006
490 #0 - SERIES STATEMENT
Series statement Journal of Property Research
Volume/sequential designation 23(2) June 2006, 163-188(26)
520 ## - SUMMARY, ETC.
Summary, etc. Addresses issues of flexible leasing specific to small business tenants. Analyses lease data from IPD and a questionnaire survey of tenants. Examines the negotiation process, outcomes and trends stemming from that process. Finds there are major differences between small business leases and those for medium and larger sized companies, and a significant number of very small tenants take no commercial advice when negotiating leases. Concludes that, if voluntary mechanisms cannot improve information flows to micro businesses, this issue may be the catalyst for legislation on all business leases. [Taken from journal abstract].
590 ## - LOCAL NOTE (RLIN)
Local note IKA220806
651 #4 - SUBJECT ADDED ENTRY--GEOGRAPHIC NAME
Geographic name United Kingdom
Chronological subdivision
690 ## - LOCAL SUBJECT ADDED ENTRY--TOPICAL TERM (OCLC, RLIN)
Topical term or geographic name as entry element PROPERTY-COMMERCIAL PROPERTY-LEASEHOLD COMMERCIAL PROPERTY-COMMERCIAL LANDLORD AND TENANT-BUSINESS TENANCIES
700 1# - ADDED ENTRY--PERSONAL NAME
Personal name Hughes, Cathy
700 1# - ADDED ENTRY--PERSONAL NAME
Personal name Murdoch, Sandi
942 ## - ADDED ENTRY ELEMENTS (KOHA)
Suppress in OPAC 0
Holdings
Withdrawn status Lost status Source of classification or shelving scheme Damaged status Not for loan Home library Current library Shelving location Date acquired Total Checkouts Full call number Barcode Date last seen Copy number Price effective from Koha item type
    Dewey Decimal Classification     London London Journal article 17/08/2006   L134582 134582-1001 06/08/2019 1 06/08/2019 Journal article